Countries with a letter E - Three Minute Sprint - Statistics

General Stats
  • This quiz has been taken 3,319 times
  • The average score is 45 of 86
Answers on the Map
Answers color-coded by a green-red scale on the quiz's map according to % correct below.
 
Answer Stats
Answer % Correct
United Kingdom
88%
United States
88%
Mexico
86%
Sweden
84%
France
83%
Chile
81%
Germany
81%
Egypt
80%
Argentina
78%
Ireland
78%
Greece
77%
Ecuador
76%
Iceland
74%
Peru
74%
Estonia
73%
Ethiopia
73%
Venezuela
73%
El Salvador
67%
Denmark
66%
Ukraine
66%
Algeria
65%
Belgium
64%
Turkey
64%
Yemen
64%
Indonesia
63%
Netherlands
63%
Eritrea
62%
New Zealand
59%
North Korea
59%
South Korea
59%
Niger
57%
Suriname
57%
Vietnam
57%
Nigeria
56%
United Arab Emirates
56%
Belarus
55%
Democratic Republic of the Congo
55%
Switzerland
54%
Serbia
53%
Belize
52%
Dominican Republic
52%
Israel
52%
Slovenia
52%
Czech Republic
51%
Guinea
50%
Equatorial Guinea
49%
Guatemala
49%
Nepal
48%
Eswatini
47%
Kenya
47%
Papua New Guinea
47%
Republic of the Congo
46%
Guinea-Bissau
45%
Central African Republic
44%
Philippines
44%
Lebanon
42%
Lesotho
42%
Senegal
41%
Turkmenistan
41%
Zimbabwe
41%
Liechtenstein
40%
Benin
39%
Luxembourg
39%
Saint Vincent and the Grenadines
39%
Uzbekistan
39%
Seychelles
38%
Montenegro
37%
North Macedonia
37%
Bosnia and Herzegovina
36%
Mozambique
36%
Armenia
34%
Bangladesh
34%
Azerbaijan
33%
Georgia
33%
Grenada
33%
Liberia
33%
Cape Verde
32%
Saint Kitts and Nevis
32%
East Timor
31%
Maldives
31%
Sierra Leone
31%
Singapore
29%
Brunei
28%
Cameroon
28%
Federated States of Micronesia
26%
São Tomé and Príncipe
26%
No matching quizzes found
Score Distribution
Percent of People with Each Score
Percentile by Number Answered
Your Score History
You have not taken this quiz